Baseline report on women’s participation in political and public life in Pakistan (Record no. 297)

MARC details
000 -LEADER
fixed length control field 006590000a22001930004500
005 - DATE AND TIME OF LATEST TRANSACTION
control field 20240212152454.0
008 - FIXED-LENGTH DATA ELEMENTS--GENERAL INFORMATION
fixed length control field 230817t ||||| |||| 00| 0 eng d
082 ## - DEWEY DECIMAL CLASSIFICATION NUMBER
Classification number 305.42
Item number ZIA
942 ## - ADDED ENTRY ELEMENTS (KOHA)
Item Type Reports
100 ## - MAIN ENTRY--PERSONAL NAME
Personal Name Zia, Shahla
700 ## - ADDED ENTRY--PERSONAL NAME
Personal name Bari, Farzana
245 ## - TITLE STATEMENT
Title Baseline report on women’s participation in political and public life in Pakistan
260 ## - PUBLICATION, DISTRIBUTION, ETC. (IMPRINT)
Place of Publication [Islamabad]:
Name of Publisher Aurat Publication and Information Service Foundation,
Date of Copyright 1999
300 ## - PHYSICAL DESCRIPTION
Extent 140 p; tables
440 ## - SERIES STATEMENT/ADDED ENTRY--TITLE
Title Women and social movements, international
650 ## - SUBJECT ADDED ENTRY--TOPICAL TERM
Topical Term Women Political activity- Pakistan
650 ## - SUBJECT ADDED ENTRY--TOPICAL TERM
Topical Term Women's rights- Pakistan
650 ## - SUBJECT ADDED ENTRY--TOPICAL TERM
Topical Term Pakistan- Politics and government
Holdings
Withdrawn status Lost status Source of classification or shelving scheme Damaged status Not for loan Permanent location Current location Date acquired Total Checkouts Full call number Barcode Date last seen Price effective from Koha item type
    Dewey Decimal Classification     Resource center, Muslim Women's Research And Action Forum Resource center, Muslim Women's Research And Action Forum 2023-08-17   305.42 ZIA RAF4043 2023-08-17 2023-08-17 Reports

Copyright © 2023 Muslim Women's Research and Action Forum (MWRAF), No 27/3, Anderson Road, Kalubowila, Dehiwela. Funded by The Asia Fundation